Seedings del Top 4 de la LEC a lo Largo de la Historia - Estadísticas

Estadísticas generales
  • Esta prueba ha sido intentada 9 veces
  • La puntuación promedio es 26 de 29
Estadísticas de respuestas
Año - Split Campeón Subcampeón Tercero Cuarto % Correcto
Fnatic
100%
2019 - Primavera G2 Esports Origen Fnatic Splyce
100%
2019 - Verano G2 Esports Fnatic Schalke04 Esport Rogue
100%
2020 - Primavera G2 Esports Fnatic MAD Lions Origen
100%
2020 - Verano G2 Esports Fnatic Rogue MAD Lions
100%
2022 - Primavera G2 Esports Rogue Fnatic Misfits Gaming
100%
2023 - Invierno G2 Esports MAD Lions KOI SK Gaming
100%
2023 - Verano G2 Esports Excel Esports Fnatic Team Heretics
100%
2023 - Season Finals G2 Esports Fnatic MAD Lions Team BDS
100%
2024 - Invierno G2 Esports MAD Lions KOI Team BDS Fnatic
100%
2024 - Primavera G2 Esports Fnatic Team BDS Team Vitality
100%
2024 - Verano G2 Esports Fnatic Team BDS Karmine Corp
100%
2024 - Season Finals G2 Esports Fnatic MAD Lions KOI Team BDS
100%
2021 - Primavera MAD Lions Rogue G2 Esports Schalke04 Esport
100%
2021 - Verano MAD Lions Fntaic Rogue G2 Esports
100%
2023 - Primavera MAD Lions Team BDS Team Vitality G2 Esports
100%
MAD Lions KOI
100%
2022 - Verano Rogue G2 Esports Fnatic MAD Lions
100%
SK Gaming
100%
Team Heretics
100%
Team Vitality
100%
Karmine Corp
86%
KOI
86%
Team BDS
86%
Excel Esports
71%
Misfits Gaming
57%
Origen
57%
Splyce
57%
Schalke04 Esport
29%
No se encontraron pruebas coincidentes
Distribución de puntuación
Porcentaje de gente con cada puntuación
Porcentaje por número respondido
Historial de tus puntuaciones
No has intentado esta prueba.